Thuế đoạn mãi bất động sản từ năm 1965 [ của Việt Nam Cộng Hòa ]

Wedi'i Gadw mewn:
Manylion Llyfryddiaeth
Prif Awdur: Mai Trường
Fformat: Llyfr
Iaith:Undetermined
Cyhoeddwyd: Sài Gòn Học viện Quốc Gia Hành Chánh 1970
Pynciau:
Tagiau: Ychwanegu Tag
Dim Tagiau, Byddwch y cyntaf i dagio'r cofnod hwn!
Thư viện lưu trữ: Trung tâm Học liệu Trường Đại học Cần Thơ
LEADER 00595nam a2200181Ia 4500
001 CTU_26442
008 210402s9999 xx 000 0 und d
082 |a 343 
082 |b Tr561 
100 |a Mai Trường 
245 0 |a Thuế đoạn mãi bất động sản từ năm 1965 [ của Việt Nam Cộng Hòa ] 
245 0 |c Mai Trường 
260 |a Sài Gòn 
260 |b Học viện Quốc Gia Hành Chánh 
260 |c 1970 
650 |a taxation 
904 |i Nguyễn Quang Điền, 981013 
980 |a Trung tâm Học liệu Trường Đại học Cần Thơ